Can You Name All The Characteristics Of Colette From Brawl Stars? - Statistics

General Stats
  • This quiz has been taken 2 times
  • The average score is 8 of 15
Answer Stats
Hint Answer % Correct
Class Damage Dealer
100%
Rarity Epic
100%
Trio Gift Shop
100%
Trait No
100%
Hypercharge Teen Spirit
100%
Buffies Yes
100%
Prestige Title Brawl Stars Forever
50%
Title Collector
50%
Star Power Mass Tax
50%
Star Power Push It
50%
Gadgets Gotcha
0%
Voice Actor Katie Snyder
0%
Gadgets Na-ah
0%
Attack Taxing Shot
0%
Super Time To Collect
0%
No matching quizzes found
Score Distribution
Percent of People with Each Score
Percentile by Number Answered
Your Score History
You have not taken this quiz